Химическая технология стекла и ситаллов: учебное пособие

Bibliographic Details
Main Author: Казьмина О. В. Ольга Викторовна
Corporate Author: Томский политехнический университет (ТПУ) Институт дистанционного образования (ИДО)
Other Authors: Беломестнова Э. Н. Эмилия Николаевна, Денисова Л. А. Людмила Алексеевна
Summary:В пособии «Химическая технология стекла и ситаллов» изложены основы стеклообразного состояния и управления свойствами изделий из стекла, а также основы стекловарения и подготовки сырьевых материалов, способы формования, теоретические основы синтеза ситаллов, приведены диагностические материалы, полезные при оценке качества усвоения материала. Учебное пособие подготовлено на кафедре технологии силикатов и рекомендовано для студентов Института дистанционного образования направления 240304 «Химическая технология тугоплавких неметаллических и силикатных материалов» при изучении курса «Химическая технология стекла и ситаллов», а также при выполнении выпускных квалификационных и дипломных работ. Работа с пособием будет способствовать развитию умения студентов анализировать и интерпретировать научную информацию.
Language:Russian
Published: Томск, Изд-во ТПУ, 2006
Subjects:
Format: Book
KOHA link:https://koha.lib.tpu.ru/cgi-bin/koha/opac-detail.pl?biblionumber=67371

MARC

LEADER 00000nam0a2200000 4500
001 67371
005 20231223155928.0
035 |a (RuTPU)RU\TPU\book\71736 
090 |a 67371 
100 |a 20040915d2006 m y0rusy50 ca 
101 0 |a rus 
102 |a RU 
105 |a a j 001zy 
200 1 |a Химическая технология стекла и ситаллов  |e учебное пособие  |f О. В. Казьмина, Э. Н. Беломестнова, Л. А. Денисова  |g Томский политехнический университет; Институт дистанционного образования 
210 |a Томск  |c Изд-во ТПУ  |d 2006 
215 |a 188 с.  |c ил. 
320 |a Библиогр.: с. 186. 
330 |a В пособии «Химическая технология стекла и ситаллов» изложены основы стеклообразного состояния и управления свойствами изделий из стекла, а также основы стекловарения и подготовки сырьевых материалов, способы формования, теоретические основы синтеза ситаллов, приведены диагностические материалы, полезные при оценке качества усвоения материала. Учебное пособие подготовлено на кафедре технологии силикатов и рекомендовано для студентов Института дистанционного образования направления 240304 «Химическая технология тугоплавких неметаллических и силикатных материалов» при изучении курса «Химическая технология стекла и ситаллов», а также при выполнении выпускных квалификационных и дипломных работ. Работа с пособием будет способствовать развитию умения студентов анализировать и интерпретировать научную информацию. 
488 1 |0 (RuTPU)RU\TPU\book\238111  |t Химическая технология стекла и ситаллов  |o учебное пособие  |f О. В. Казьмина, Э. Н. Беломестнова, А. А. Дитц  |g Национальный исследовательский Томский политехнический университет (ТПУ)  |c Томск  |n Изд-во ТПУ  |d 2012  |a Казьмина, Ольга Викторовна 
606 1 |a Стекло  |x Структура  |2 stltpush  |3 (RuTPU)RU\TPU\subj\34594  |9 56508 
606 1 |a Ситаллы  |2 stltpush  |3 (RuTPU)RU\TPU\subj\73882  |9 86599 
610 1 |a химическая технология 
610 1 |a строение 
610 1 |a классификация 
610 1 |a стеклообразное состояние 
610 1 |a состав 
610 1 |a физико-химические свойства 
610 1 |a сырьевые материалы 
610 1 |a стекольные шихты 
610 1 |a приготовление 
610 1 |a стекловарение 
610 1 |a стеклянные изделия 
610 1 |a производство 
610 1 |a учебные пособия 
675 |a 666.11.01(075.8)  |v 3 
675 |a 666.26(075.8)  |v 3 
700 1 |a Казьмина  |b О. В.  |c химик-технолог  |c профессор Томского политехнического университета, доктор технических наук  |f 1967-  |g Ольга Викторовна  |3 (RuTPU)RU\TPU\pers\26196  |9 12004 
701 1 |a Беломестнова  |b Э. Н.  |c специалист в области инженерной педагогики  |c доцент Томского политехнического университета, кандидат технических наук  |f 1942-  |g Эмилия Николаевна  |3 (RuTPU)RU\TPU\pers\26827 
701 1 |a Денисова  |b Л. А.  |g Людмила Алексеевна 
712 0 2 |a Томский политехнический университет (ТПУ)  |b Институт дистанционного образования (ИДО)  |3 (RuTPU)RU\TPU\col\12625 
801 1 |a RU  |b 63413507  |c 20040915  |g PSBO 
801 2 |a RU  |b 63413507  |c 20221205  |g PSBO 
942 |c BK